书目信息 |
| 题名: |
房屋建筑学
|
|
| 作者: | 崔艳秋 , 吕树俭 主编 ;郑红 编写 | |
| 分册: | ||
| 出版信息: | 北京 中国电力出版社 2014.08 |
|
| 页数: | 351页 | |
| 开本: | 26cm | |
| 丛书名: | “十二五”普通高等教育本科国家级规划教材 | |
| 单 册: | ||
| 中图分类: | TU22 | |
| 科图分类: | ||
| 主题词: | 房屋建筑学--fang wu jian zhu xue--高等教育--教材 | |
| 电子资源: | ||
| ISBN: | 978-7-5123-5999-4 | |
| 000 | 01254nam 2200289 450 | |
| 001 | CAL 0120141380514 | |
| 005 | 20220609095643.11 | |
| 010 | @a978-7-5123-5999-4@dCNY42.00 | |
| 100 | @a20140905d2014 em y0chiy50 ea | |
| 101 | 0 | @achi |
| 102 | @aCN@b110000 | |
| 105 | @aa a 000yy | |
| 200 | 1 | @a房屋建筑学@Afang wu jian zhu xue@f崔艳秋, 吕树俭主编@FCui Yan Qiu,Lu Shu Jian Zhu Bian@g编写郑红 ... [等] |
| 205 | @a第3版 | |
| 210 | @a北京@c中国电力出版社@d2014.08 | |
| 215 | @a351页@c图@d26cm | |
| 225 | 2 | @a“十二五”普通高等教育本科国家级规划教材@A“ shi er wu ” pu tong gao deng jiao yu ben ke guo jia ji gui hua jiao cai |
| 320 | @a有书目 (第351页) | |
| 330 | @a本书着重于民用建筑部分, 结合现行国家规范、标准, 对民用建筑设计与构造的基本原理和方法进行了较为全面、系统的阐述, 并精选了大量的建筑工程实例。工业建筑部分则以单层厂房为主, 阐述了工业建筑的特点及其不同于民用建筑的设计与构造原理和方法。 | |
| 410 | 0 | @12001 @a“十二五”普通高等教育本科国家级规划教材 |
| 606 | 0 | @a房屋建筑学@Afang wu jian zhu xue@x高等教育@j教材 |
| 690 | @aTU22@v5 | |
| 701 | 0 | @a崔艳秋@Acui yan qiu@4主编 |
| 701 | 0 | @a吕树俭@Alu^ shu jian@4主编 |
| 702 | 0 | @a郑红@Azheng hong@4编写 |
| 801 | 0 | @aCN@b河南城建学院图书馆@c20150820 |
| 905 | @dTU22@eC978@f3 | |
| 房屋建筑学/崔艳秋, 吕树俭主编/编写郑红 ... [等].-第3版.-北京:中国电力出版社,2014.08 |
| 351页:图;26cm.-(“十二五”普通高等教育本科国家级规划教材) |
| ISBN 978-7-5123-5999-4:CNY42.00 |
| 本书着重于民用建筑部分, 结合现行国家规范、标准, 对民用建筑设计与构造的基本原理和方法进行了较为全面、系统的阐述, 并精选了大量的建筑工程实例。工业建筑部分则以单层厂房为主, 阐述了工业建筑的特点及其不同于民用建筑的设计与构造原理和方法。 |
| ● |
| 相关链接 |
|
|
|
正题名:房屋建筑学
索取号:TU22/C978
 
预约/预借
| 序号 | 登录号 | 条形码 | 馆藏地/架位号 | 状态 | 备注 |
| 1 | 1167797 | 211677979 | 建筑库101/101建筑库 45排4列4层/ [索取号:TU22/C978] | 在馆 | |
| 2 | 1167798 | 211677988 | 建筑库101/101建筑库 45排4列4层/ [索取号:TU22/C978] | 在馆 | |
| 3 | 1167799 | 211677997 | 建筑库101/101建筑库 45排4列4层/ [索取号:TU22/C978] | 在馆 | |
| 4 | 1300708 | 213007084 | 建筑库101/101建筑库 45排4列4层/ [索取号:TU22/C978] | 在馆 | |
| 5 | 1499442 | 214994425 | 建筑库101/101建筑库 45排4列4层/ [索取号:TU22/C978] | 在馆 | |
| 6 | 1501846 | 215018460 | 建筑库101/101建筑库 45排4列4层/ [索取号:TU22/C978] | 在馆 | |
| 7 | 1503540 | 215035405 | 建筑库101/101建筑库 45排4列4层/ [索取号:TU22/C978] | 在馆 | |
| 8 | 535985 | 205359850 | 建筑库101/101建筑库 45排4列4层/ [索取号:TU22/C978] | 在馆 |